000 00695nam a22001577a 4500
003 LRUA
005 20200513142941.0
008 200513b xxu||||| |||| 00| 0 eng d
040 _cRUA
082 _aAGR SOU 2018 B663 Or.1
100 _914250
_aSOUN KAMSAN សូត វណ្ណា
245 _aប្រសិទ្ធភាពនៃការប្រើប្រាស់តែកំប៉ុស្ពិ៍លើដំណាំខាត់ណាដើម នៅស្រុកខ្សាច់កណ្តាល effect of using compost tea on chinese kale in ksach kandal district, kandal province
260 _aRUA
_bPhnom penh
_c2018
300 _aix,45p
_bill;
_c29cm
942 _2ddc
_cAGR
999 _c19200
_d19200